Focus sur: Demelza Robins - Harry Potter - Statistiques

Statistiques générales
  • Ce quiz a été pris 42 fois
  • Le résultat moyen est 5 sur 5
Statistiques - réponses
Informations recherchées Réponses % Correct
Lieu de rencontre avec Harry Potter Poudlard
100%
Ecole fréquentée Poudlard
100%
Maison fréquentée Gryffondor
95%
Première apparition Harry Potter et le Prince de Sang-Mêlé
90%
Poste occupé au Quidditch Poursuiveuse
88%
Aucun quiz correspondant
Distribution des résultats
% des personnes avec chaque résultat
Percentile par nombre de réponses
Votre historique - résultats
Vous n’avez pas pris ce quiz